| 000 | 00820cam a2200265 a 4500 | ||
|---|---|---|---|
| 001 | 4480003 | ||
| 003 | ARRUPE | ||
| 005 | 20130926123915.0 | ||
| 008 | 930208s1992 mdu b 001 0 eng d | ||
| 010 | _a92074852 | ||
| 020 | _a0870611941 : | ||
| 035 | _a(OCoLC)27244997 | ||
| 035 | _a(OCoLC)ocm27244997 | ||
| 035 | _a(NNC)4480003 | ||
| 040 |
_aNNUT _cNNUT |
||
| 050 |
_aBX1754 _b.H4541992 |
||
| 100 | 1 |
_aHellwig, Monika. _91386 |
|
| 245 | 1 | 0 |
_aWhat are the theologians saying now? : _ba retrospective on several decades / _cMonika K. Hellwig. |
| 260 |
_aWestminster, MD : _bChristian Classics, _c1992. |
||
| 300 |
_axvii, 170 p. ; _c21 cm. |
||
| 504 | _aIncludes bibliographical references (p. 164-165) and index. | ||
| 610 | 2 | 0 |
_aCatholic Church _xDoctrines. _91387 |
| 942 |
_2lcc _cMONOGRAPH |
||
| 999 |
_c118079 _d118079 |
||